000 00611nam a2200193Ia 4500
003 GCL
008 140319s9999 xx 000 0 ara d
040 _aGCL /
_cGCL
082 0 4 _a791.43
_bب م
100 1 _aريمون فرنسيس (مراجع)
245 1 0 _aما هى السينما /
_cريمون فرنسيس (مراجع)
700 1 _aاحمد بدرخان
700 1 _aبازان، اندرية
490 _aالهيئة العامة للاستعلامات
_v0
650 0 4 _aالافلام السينمائية
650 0 4 _aالسينما
650 0 4 _aالسينمائيون
942 _2ddc
_cBK
999 _c49970
_d49970